I AM MUSIC TRACKLIST - Statistiques

Statistiques générales
  • Ce quiz a été pris 51 fois
  • Le résultat moyen est 24 sur 34
Statistiques - réponses
Hint Réponse % Correct
2 Crush feat Travis Scott
100%
1 Pop Out
100%
8 rather lie feat The Weeknd
95%
11 toxic feat Skepta
95%
10 backdoor feat Kendrick Lamar & Jhene Aiko
86%
14 charge dem hoes a fee feat Future & Travis Scott
82%
4 Eviljordan
82%
34 fomdj
82%
15 good credit feat Kendrick Lamar
82%
3 KPOP
82%
5 mojo jojo feat Kendrick Lamar
82%
32 2024
77%
33 backrooms feat Travis Scott
77%
19 trim feat Future
77%
24 twin trim Lil Uzi Vert singing
77%
6 Philly feat Travis Scott
73%
31 different day
68%
18 jumpin feat Lil Uzi Vert
68%
12 munyun
68%
21 we need all da vibes feat Young Thug & Ty Dolla $ign
68%
13 crank
64%
9 fine shit
64%
25 like weezy
64%
22 olympian
64%
29 overly
64%
30 south atlanta baby
64%
17 wake up filthy feat Travis Scott
64%
26 dis 1 got it
59%
23 opm baby
59%
7 radar
59%
16 i see you baby boi
55%
27 hba
50%
28 walk
50%
20 cocaine nose
45%
Aucun quiz correspondant
Distribution des résultats
% des personnes avec chaque résultat
Percentile par nombre de réponses
Votre historique - résultats
Vous n’avez pas pris ce quiz